El Proyectado Banco Multisectorial de Inversiones
Gespeichert in:
| Format: | Text |
|---|---|
| Schlagworte: | |
| Tags: |
Tag hinzufügen
Keine Tags, Fügen Sie den ersten Tag hinzu!
|
MARC
| LEADER | 00000 a a2200000 04500 | ||
|---|---|---|---|
| 001 | 5822 | ||
| 003 | |||
| 040 | |||
| 245 | |a El Proyectado Banco Multisectorial de Inversiones | ||
| 650 | |a AJUSTE ESTRUCTURAL | ||
| 650 | |a COMERCIO INTERNACIONAL | ||
| 650 | |a BANCOS COMERCIALES | ||
| 650 | |a FINANCIAMIENTO | ||
| 650 | |a EXPORTACIONES | ||
| 773 | |g volumen 14, número 598; páginas 7-9 | ||
| 999 | |c 25077 |d 25077 | ||
